| 000 | 00601nam a2200169 i 4500 | ||
|---|---|---|---|
| 001 | 33689 | ||
| 003 | ES-MaACL | ||
| 007 | t| | ||
| 008 | 030203s1947 mx ||||1| spa d | ||
| 100 | 1 |
_aBeveridge, William H. _928714 |
|
| 245 | 1 | 3 |
_aLa ocupación plena, sus requisitos y consecuencias / _cWilliam H. Beveridge ; versión española de Raúl Velasco Terrés. |
| 250 | _a[1ª ed. en español]. | ||
| 260 |
_aMéxico : _bFondo de Cultura Económica, _c[1947] ( _fGráf. Panamericana) |
||
| 300 |
_a538 p. ; _c22 cm. |
||
| 700 | 1 |
_aVelasco Terrés, Raúl. _9113779 |
|
| 852 |
_aES-MaACL _jB-2253 _bR.27372 |
||
| 999 |
_c33689 _d33689 |
||